| 000 | 004610000a22001690004500 | ||
|---|---|---|---|
| 090 |
_aAR _b00971 |
||
| 245 | 1 | 0 | _aCatastro Espeleológico Nacional |
| 650 | 1 | 4 |
_aEspeleología _94156 |
| 650 | 1 | 4 |
_aCavernas _993465 |
| 651 | 4 |
_lLa Sima Aonda _992749 |
|
| 651 | 4 |
_pVenezuela _992749 |
|
| 041 | 0 | _aEspañol | |
| 700 | 1 |
_aPérez, W. _994165 |
|
| 100 | 1 |
_aGalán, C. _994166 |
|
| 942 | _cARTICULO | ||
| 773 | 1 |
_tSociedad Venezolana de Espeleología _3349 _h20 _q43-45 _d1983 |
|
| 999 |
_c10059 _d10059 |
||